000 00769nam a22002417a 4500
001 00260
003 DO-SdBNP
005 20180126131912.0
008 151208b 2006 mx xxu||||| |||| 00| 0 spa d
020 _a9687260955
040 _aBPMSU
_bspa
_cBPMSU
092 _axxxxx
_bxxxxx
100 _aFranz, F.W.
240 1 0 _aQuestions young people ask : anwers that work.
_lEspañol.
245 1 0 _aLo que los jóvenes preguntan :
_brespuestas prácticas /
_cF.W. Franz.
250 _a2ª. reimpr.
260 _aMéxico :
_bLa Torre del Vígia,
_c2006.
300 _a319 p. :
_bil., retrs. ;
_c18 cm.
500 _aSegunda reimpresión de la primera edición del 1989.
942 _2ddc
_cBK
945 _aInventariado, 2018 / BT
956 _aLorenza Pérez
_b10
999 _c9040
_d9040